Konec perského prince : první případ soukromého detektiva Otakara Finka a jeho žižkovské kanceláře Discret /

Hlavní autor: Velinský, Jaroslav, 1932-2012
Jazyk: Čeština
Vydáno: Praha : Primus, 2007
Vydání: V nakl. Primus vyd. 1.
Edice: Ota Fink & Discret
Kapitán Kid
Témata:
Fyzický popis: 247 s. ; 17 cm
Knihy
Uloženo v:
LEADER 01418nam a2200409 a 4500
001 nkc20071781902
003 CZ PrNK
005 20190806093950.0
007 ta
008 071219s2007 xr g 000 f cze
015 |a cnb001781902 
020 |a 978-80-86207-72-8  |q (Pavel Primus :  |q brož.)  |z 9788086207728 
035 |a (OCoLC)228501339 
040 |a ABA001  |b cze 
072 7 |a 821.162.3-3  |x Česká próza  |2 Konspekt  |9 25 
080 |a 821.162.3-31  |2 MRF 
080 |a (0:82-312.4)  |2 MRF 
100 1 |a Velinský, Jaroslav,  |d 1932-2012  |7 jn99240001258  |4 aut 
245 1 0 |a Konec perského prince :  |b první případ soukromého detektiva Otakara Finka a jeho žižkovské kanceláře Discret /  |c Jaroslav Velinský 
250 |a V nakl. Primus vyd. 1. 
260 |a Praha :  |b Primus,  |c 2007 
300 |a 247 s. ;  |c 17 cm 
490 1 |a Ota Fink & Discret 
490 1 |a Kapitán Kid ;  |v 1 
500 |a Vydáno ve spolupráci s nakl. Kapitán Kid 
655 7 |a české romány  |7 fd133974  |2 czenas 
655 7 |a detektivní romány  |7 fd132010  |2 czenas 
655 9 |a Czech fiction  |2 eczenas 
655 9 |a detective novels  |2 eczenas 
830 0 |a Ota Fink & Discret  |0 s 
830 0 |a Kapitán Kid  |0 s 
910 |a BOA001  |b 1-1213.367 
928 9 |a Kapitán Kid 
990 |a BK 
995 |a 01 
991 |b 200811 
996 6 |b 2610359430  |c 1-1213.367  |l MZK  |r Sklad / do 1 hodiny  |n 0  |p p.v.  |w 000920170  |u 000010  |a 1  |e BOA001  |j MZK50  |s P